000 00546nam a2200193Ia 4500
003 OSt
005 20251103161241.0
008 210210b1982 xxu||||| |||| 00| 0 eng d
040 _cAL
041 _aKannada
082 _aK894.3 SUNS
100 _aSUNITI KRASHNASVAMI.
_dಸುನೀತಿ ಕೃಷ್ಣಸ್ವಾಮಿ
_9243620
245 _aSandhyakirana.
_bಸಂಧ್ಯಾಕಿರಣ
260 _aBengaluru
_bBapko Prakashana
_c1982
300 _a198
690 _aKannada Fiction
_9243621
906 _aSG02824
942 _2ddc
_cBK
999 _c113997
_d113997